书目信息 |
| 题名: |
酒精工艺学
|
|
| 作者: | 秦耀宗 | |
| 分册: | ||
| 出版信息: | 北京 中国轻工业出版社 1998 |
|
| 页数: | 327 | |
| 开本: | 20cm | |
| 丛书名: | 中等专业学校轻工专业教材 | |
| 单 册: | ||
| 中图分类: | TS262.2 | |
| 科图分类: | ||
| 主题词: | 酿造--食品工业 | |
| 电子资源: | ||
| ISBN: | 7-5019-2147-4 | |
| 000 | 00590nam0 2200205 450 | |
| 001 | 0741144344 | |
| 005 | 20070817112544.34 | |
| 010 | @a7-5019-2147-4@d¥18.00 | |
| 100 | @a20070817d km y0chiy0120 ea | |
| 101 | 0 | @achi |
| 200 | 1 | @a酒精工艺学@Ajiu jing gong yi xue@f秦耀宗@Fqin yao zong |
| 210 | @a北京@c中国轻工业出版社@d1998 | |
| 215 | @a327@d20cm | |
| 225 | 2 | @a中等专业学校轻工专业教材 |
| 410 | 0 | @12001 @a中等专业学校轻工专业教材 |
| 606 | 0 | @a酿造@x食品工业 |
| 690 | @aTS262.2@v3 | |
| 701 | 0 | @a秦耀宗@Aqin yao zong |
| 801 | 0 | @aCN@bPFT@c20070817 |
| 905 | @a213230@dTS262.2@en1@f1 | |
| 酒精工艺学/秦耀宗.-北京:中国轻工业出版社,1998 |
| 327;20cm.-(中等专业学校轻工专业教材) |
| ISBN 7-5019-2147-4:¥18.00 |
| ● |
| 相关链接 |
|
|
|
|
正题名:酒精工艺学
索取号:TS262.2/n1
 
预约/预借
| 序号 | 登录号 | 条形码 | 馆藏地/架位号 | 状态 | 备注 |
| 1 | 6601473 | 266014733 | 密集书库-生命科学系/ [索取号:TS262.2/n1] | 在馆 |